|
|
|
|
| LEADER |
01306nam a2200385 a 4500 |
| 001 |
EBC168486 |
| 003 |
MiAaPQ |
| 005 |
20200520144314.0 |
| 006 |
m o d | |
| 007 |
cr cn||||||||| |
| 008 |
010813s2000 enk s 001 0 eng |
| 010 |
|
|
|z 00056024
|
| 015 |
|
|
|a GBA1-45827
|
| 016 |
7 |
|
|a 0415228174
|2 Uk
|
| 020 |
|
|
|z 0415228174(pbk.)
|
| 035 |
|
|
|a (MiAaPQ)EBC168486
|
| 035 |
|
|
|a (Au-PeEL)EBL168486
|
| 035 |
|
|
|a (CaPaEBR)ebr5004171
|
| 035 |
|
|
|a (CaONFJC)MIL40194
|
| 035 |
|
|
|a (OCoLC)264524829
|
| 040 |
|
|
|a MiAaPQ
|c MiAaPQ
|d MiAaPQ
|
| 050 |
|
4 |
|a HF1111
|b .W58 2000
|
| 082 |
0 |
4 |
|a 650.0711
|2 21
|
| 100 |
1 |
|
|a Witzel, Morgen.
|
| 245 |
1 |
0 |
|a How to get an MBA
|h [electronic resource] /
|c Morgen Witzel.
|
| 260 |
|
|
|a London :
|b Routledge,
|c 2000.
|
| 300 |
|
|
|a xiv, 194 p.
|
| 500 |
|
|
|a Includes index.
|
| 533 |
|
|
|a Electronic reproduction. Ann Arbor, MI : ProQuest, 2015. Available via World Wide Web. Access may be limited to ProQuest affiliated libraries.
|
| 650 |
|
0 |
|a Master of business administration degree.
|
| 650 |
|
0 |
|a Business education.
|
| 650 |
|
0 |
|a Industrial management
|x Study and teaching (Graduate)
|
| 655 |
|
4 |
|a Electronic books.
|
| 710 |
2 |
|
|a ProQuest (Firm)
|
| 856 |
4 |
0 |
|u https://ebookcentral.proquest.com/lib/matrademy/detail.action?docID=168486
|z Click to View
|